<?xml version='1.0' encoding='UTF-8'?>
  <record xmlns="http://www.loc.gov/MARC21/slim">
    <leader>00000cam a22000007i 4500</leader>
    <controlfield tag="001">on1491986102</controlfield>
    <controlfield tag="003">OCoLC</controlfield>
    <controlfield tag="005">20250128055231.6</controlfield>
    <controlfield tag="008">250128s1592    xx            000 0 ger d</controlfield>
    <datafield tag="040" ind1=" " ind2=" ">
      <subfield code="a">QGJ</subfield>
      <subfield code="b">eng</subfield>
      <subfield code="e">rda</subfield>
      <subfield code="e">dcrmr</subfield>
      <subfield code="c">QGJ</subfield>
      <subfield code="d">QGJ</subfield>
    </datafield>
    <datafield tag="035" ind1=" " ind2=" ">
      <subfield code="a">(OCoLC)1491986102</subfield>
    </datafield>
    <datafield tag="245" ind1="0" ind2="0">
      <subfield code="a">Alte Newe Zeitung Von der Welt Lauff, geschwinden Listen vñ[d] Practiken, Auch allerhandt vnarten vnd Fähler der Menschen Kinder. :</subfield>
      <subfield code="b">Von der zeit an da die Thier, Fisch, Vögel, Gewürm, auch Holtz, Stein, Bäwm, Kreutter vnd andere vnuernüfftige Creaturen mit den Menschen vnd vnter einander selber reden können, widerholet, Vnnd Jn disen sorglichen Kriegsleufften, bösen, Dückischen Anschlägen allerhandt Leute, Meñ[n]iglich zur warnung vnnd vntericht (besonders den Jenigen, so sich sonsten frey offentlich nit gern wahrnen lassen) wohlmeinendt zusammen gezogen, vnd mit kurtzen Exemplen vnd Lehren erklärt, An tag gegeben. ...</subfield>
    </datafield>
    <datafield tag="246" ind1="1" ind2=" ">
      <subfield code="i">Title in modern spelling:</subfield>
      <subfield code="a">Alte neue Zeitung von der Welt Lauf</subfield>
    </datafield>
    <datafield tag="264" ind1=" " ind2="1">
      <subfield code="a">[Place of publication not identified] :</subfield>
      <subfield code="b">[publisher not identified],</subfield>
      <subfield code="c">Gedruck im Jar Christi, M. D. XCII. [1592]</subfield>
    </datafield>
    <datafield tag="300" ind1=" " ind2=" ">
      <subfield code="a">[43] pages ;</subfield>
      <subfield code="c">19 cm (4to)</subfield>
    </datafield>
    <datafield tag="336" ind1=" " ind2=" ">
      <subfield code="a">text</subfield>
      <subfield code="b">txt</subfield>
      <subfield code="2">rdacontent</subfield>
    </datafield>
    <datafield tag="337" ind1=" " ind2=" ">
      <subfield code="a">unmediated</subfield>
      <subfield code="b">n</subfield>
      <subfield code="2">rdamedia</subfield>
    </datafield>
    <datafield tag="338" ind1=" " ind2=" ">
      <subfield code="a">volume</subfield>
      <subfield code="b">nc</subfield>
      <subfield code="2">rdacarrier</subfield>
    </datafield>
    <datafield tag="340" ind1=" " ind2=" ">
      <subfield code="m">4to</subfield>
      <subfield code="2">rdabf</subfield>
    </datafield>
    <datafield tag="500" ind1=" " ind2=" ">
      <subfield code="a">Signatures: A-F⁴; A1v, F2v, and F3-F4 are blank; B3 signed B2.</subfield>
    </datafield>
    <datafield tag="510" ind1="4" ind2=" ">
      <subfield code="a">Verzeichnis der im deutschen Sprachbereich erschienenen Drucke des 16. Jahrhunderts (VD 16),</subfield>
      <subfield code="c">A 1969</subfield>
      <subfield code="u">https://gateway-bayern.de/VD16+A+1969</subfield>
    </datafield>
  </record>